000 00496cam a2200193 04500
001 1727
005 20170524180502.0
090 _a1727
100 _a19920723d1980 m y0pory5003 ba
200 1 _aˆA ‰segunda dama
_fIrving Wallace
210 _aLivros
_cLivros do Brasil,
_dcop. 1980
215 _a330 p
225 2 _aDois mundos
_v149
600 _aIrving Wallace
601 _aLivros do Brasil,
675 _a82-311.3
_vBN
_zpor
700 1 _aWallace,
_bIrving,
_f1916-1990
801 0 _aPT
_bBN
_gRPC
942 _cBK